Statistics for Top 50 Baby Girl Names of 2013

Click here to take the quiz!

General Stats

  • This quiz has been taken 883 times
  • The average score is 21 of 50

Answer Stats

HintAnswer% Correct
2Emma
84%
5Emily
81%
3Isabella
78%
4Olivia
77%
6Ava
74%
1Sophia
73%
10Elizabeth
72%
43Sarah
69%
35Anna
68%
12Ella
66%
22Hannah
66%
8Mia
63%
11Chloe
61%
21Grace
61%
9Madison
61%
19Charlott
60%
16Lily
60%
7Abigail
54%
23Amelia
54%
28Victoria
51%
30Zoe
47%
26Samantha
46%
14Addison
43%
50Ashley
42%
27Evelyn
42%
17Natalie
41%
40Alexis
38%
13Avery
37%
46Taylor
36%
24Harper
34%
32Hailey
30%
33Leah
29%
44Alyssa
28%
41Audrey
26%
45Claire
26%
15Aubrey
24%
29Brooklyn
24%
37Gabriella
22%
38Allison
21%
31Layla
21%
25Lillian
21%
42Savannah
21%
34Kaylee
20%
47Riley
20%
18Sofia
17%
49Arianna
15%
36Aaliyah
11%
20Zoey
11%
48Camila
8%
39Neveah
3%

Score Distribution

Percentile by Number Answered

Percent of People with Each Score

Your Score History

You have not taken this quiz